All My Chemical Romance Songs - Statistics

General Stats
  • This quiz has been taken 242 times
  • The average score is 24 of 87
Answer Stats
Hint Songs % Correct
Danger Days S/C/A/R/E/C/R/O/W
96%
Danger Days Na Na Na
67%
Three Cheers For Sweet Revenge Helena
66%
The Black Parade Welcome To The Black Parade
66%
The Black Parade Cancer
59%
The Black Parade Dead
56%
The Black Parade Mama
56%
The Black Parade Blood
54%
The Black Parade The End
53%
The Black Parade Teenagers
50%
The Black Parade House Of Wolves
45%
The Black Parade Sleep
45%
Three Cheers For Sweet Revenge The Ghost Of You
44%
The Black Parade Famous Last Words
43%
The Black Parade The Sharpest Lives
42%
Danger Days Sing
41%
Conventional Weapons AMBULANCE
38%
The Black Parade I Don't Love You
38%
Three Cheers For Sweet Revenge To The End
37%
I Brought You My Bullets, You Brought Me Your Love Demolition Lovers
36%
Conventional Weapons Gun.
36%
I Brought You My Bullets, You Brought Me Your Love Vampires Will Never Hurt You
36%
Conventional Weapons Boy Division
35%
Three Cheers For Sweet Revenge Cemetery Drive
34%
Soundtrack Song Desolation Row
34%
Three Cheers For Sweet Revenge Give 'Em Hell Kid
34%
Three Cheers For Sweet Revenge I'm Not Okay (I Promise)
34%
Three Cheers For Sweet Revenge You Know What They Do To Guys Like Us In Prison
34%
The Black Parade Disenchanted
33%
I Brought You My Bullets, You Brought Me Your Love Romance
33%
Danger Days Vampire Money
33%
Danger Days Bulletproof Heart
31%
Danger Days DESTROYA
31%
I Brought You My Bullets, You Brought Me Your Love Honey, This Mirror Isn't Big Enough For The Two Of Us
31%
Conventional Weapons The World Is Ugly
31%
Cover All I want for Christmas is you
29%
Three Cheers For Sweet Revenge Hang 'Em High
28%
Danger Days Party Poison
28%
Danger Days The Only Hope For Me Is You
28%
I Brought You My Bullets, You Brought Me Your Love Cubicles
27%
Three Cheers For Sweet Revenge Thank You For The Venom
27%
The Black Parade This Is How I Disappear
27%
Three Cheers For Sweet Revenge Interlude
26%
The Black Parade-The B-Sides Kill All Your Friends
26%
Conventional Weapons The Light Behind Your Eyes
26%
Cover With The Used Under Pressure
25%
Life On The Murder Scene Desert Song
24%
I Brought You My Bullets, You Brought Me Your Love Drowning Lessons
24%
I Brought You My Bullets, You Brought Me Your Love Skylines And Turnstiles
24%
Danger Days Summertime
24%
Living With Ghosts All The Angels
22%
Three Cheers For Sweet Revenge (Japanese Bonus Track) Bury Me In Black
22%
Three Cheers For Sweet Revenge I Never Told You What I Do For A Living
22%
Danger Days Planetary (Go!)
22%
I Brought You My Bullets, You Brought Me Your Love Early Sunsets Over Monroeville
20%
The Mad Gear And Missile Kid F.T.W.W.W
20%
I Brought You My Bullets, You Brought Me Your Love Our Lady Of Sorrows
20%
Conventional Weapons Burn Bright
19%
Soundtrack song Astro Zombies
18%
Living With Ghosts Emily
18%
I Brought You My Bullets, You Brought Me Your Love Headfirst For Halos
18%
Conventional Weapons Make Room
18%
Three Cheers For Sweet Revenge The Jetset Life Is Gonna Kill You
18%
The Black Parade-The B-Sides Heaven Help Us
17%
Conventional Weapons Kiss The Ring
16%
Danger Days Save Yourself, I'll Hold Them Back
16%
Danger Days Look Alive, Sunshine
15%
The Black Parade-The B-Sides My Way Home Is Through You
15%
The Mad Gear And Missile Kid Black Dragon Fighting Society
14%
Yo Gabba Gabba! Hey! Every Snowflake is Different
14%
May Death Never Stop You Fake Your Death
14%
Danger Days Jet-Star and the Kobra Kid/Traffic Report
14%
Danger Days The Kids From Yesterday
14%
Three Cheers For Sweet Revenge It's Not A Fashion Statement It's A Deathwish
12%
Conventional Weapons Tomorrows Money
12%
I Brought You My Bullets, You Brought Me Your Love This is the best day ever
11%
The Mad Gear And Missile Kid Mastas Of Ravenkroft
10%
The Manhattan Demos Sister To Sleep
10%
Coventional Weapons Surrender The Night
9%
Danger Days Goodnite, Dr. Death
8%
Danger Days Bonus Track We Don't Need Another Song About California
8%
Danger Days Bonus Track Zero Percent
8%
Living With Ghosts Not That Kind Of Girl
7%
Living With Ghosts Party At The End Of The World
7%
Living With Ghosts The Five Of Us Are Dying
7%
The Only Hope For Me Is You Common People
5%
Like Phantoms, Forever Jack The Ripper
2%
No matching quizzes found
Score Distribution
Percent of People with Each Score
Percentile by Number Answered
Your Score History
You have not taken this quiz